<?xml version="1.0" encoding="UTF-8"?>
<record
    xmlns:xsi="http://www.w3.org/2001/XMLSchema-instance"
    xsi:schemaLocation="http://www.loc.gov/MARC21/slim http://www.loc.gov/standards/marcxml/schema/MARC21slim.xsd"
    xmlns="http://www.loc.gov/MARC21/slim">

  <leader>02057nab a22002657a 4500</leader>
  <datafield tag="999" ind1=" " ind2=" ">
    <subfield code="c">5344</subfield>
    <subfield code="d">5344</subfield>
  </datafield>
  <controlfield tag="003">OSt</controlfield>
  <controlfield tag="005">20250223234437.0</controlfield>
  <controlfield tag="008">190603e        xxum|||| |||| 00| 0 spa d</controlfield>
  <datafield tag="040" ind1=" " ind2=" ">
    <subfield code="c">PJ</subfield>
  </datafield>
  <datafield tag="100" ind1=" " ind2=" ">
    <subfield code="9">6387</subfield>
    <subfield code="a">Leiva, Claudio Fabricio</subfield>
  </datafield>
  <datafield tag="245" ind1="1" ind2="3">
    <subfield code="a">El deber de seguridad en el contrato de transporte y las eximentes de responsabilidad : </subfield>
    <subfield code="b">el aporte de la perspectiva del derecho del consumo /</subfield>
    <subfield code="c">Claudio Fabricio  Leiva.</subfield>
  </datafield>
  <datafield tag="260" ind1=" " ind2=" ">
    <subfield code="c">Ciudad Aut&#xF3;noma de Buenos Aires :</subfield>
    <subfield code="a">Thomson Reuters La Ley, </subfield>
    <subfield code="b">2023.</subfield>
  </datafield>
  <datafield tag="300" ind1=" " ind2=" ">
    <subfield code="a">p. 175-184</subfield>
  </datafield>
  <datafield tag="500" ind1=" " ind2=" ">
    <subfield code="a">Cita Online: TR LALEY AR/DOC/2044/2023.</subfield>
  </datafield>
  <datafield tag="505" ind1=" " ind2=" ">
    <subfield code="a"> Sumario: I. Objetivos del presente comentario.&#x2014; II. La plataforma f&#xE1;ctica y jur&#xED;dica del caso.&#x2014; III. Los argumentos de la sentencia de C&#xE1;mara.&#x2014; IV. El impacto del microsistema de protecci&#xF3;n del consumidor: un revitalizado di&#xE1;logo de fuentes en la convergencia de las normas especiales, el C&#xF3;d. Civ. y Com. y la Constituci&#xF3;n Nacional.&#x2014; V. Una delimitaci&#xF3;n de la noci&#xF3;n de deber de seguridad y su aplicaci&#xF3;n en el &#xE1;mbito del derecho del consumo.&#x2014; VI. La obligaci&#xF3;n de seguridad en el contrato de transporte en el r&#xE9;gimen del C&#xF3;d. Civil ya derogado y en el esquema del C&#xF3;d. Civ. y Com.&#x2014; VII. A modo de cierre conclusivo: el deber de seguridad en las relaciones de consumo, el principio protectorio y la interpretaci&#xF3;n restrictiva de las eximentes reforzada a trav&#xE9;s del di&#xE1;logo de fuentes de las normas aplicables al caso. </subfield>
  </datafield>
  <datafield tag="505" ind1=" " ind2=" ">
    <subfield code="t">Fallo comentado:   CNCiv., sala A ~ 05/05/2023 ~ Brea, Gustavo c. Metrov&#xED;as SA s/ da&#xF1;os y perjuicios.</subfield>
  </datafield>
  <datafield tag="505" ind1=" " ind2=" ">
    <subfield code="t">&#xBF;Te interesa el texto completo? Solicitalo al correo: koha@justierradelfuego.gov.ar</subfield>
  </datafield>
  <datafield tag="650" ind1=" " ind2="0">
    <subfield code="9">1467</subfield>
    <subfield code="a">RESPONSABILIDAD CIVIL</subfield>
  </datafield>
  <datafield tag="650" ind1=" " ind2="0">
    <subfield code="9">2823</subfield>
    <subfield code="a">DA&#xD1;OS Y PERJUICIOS</subfield>
  </datafield>
  <datafield tag="650" ind1=" " ind2="0">
    <subfield code="9">2597</subfield>
    <subfield code="a">DEFENSA DEL CONSUMIDOR</subfield>
  </datafield>
  <datafield tag="650" ind1=" " ind2="0">
    <subfield code="9">4277</subfield>
    <subfield code="a">ACCIDENTE FERROVIARIO</subfield>
  </datafield>
  <datafield tag="650" ind1=" " ind2="0">
    <subfield code="9">1497</subfield>
    <subfield code="a">CODIGO CIVIL Y COMERCIAL</subfield>
  </datafield>
  <datafield tag="773" ind1="0" ind2=" ">
    <subfield code="0">2713</subfield>
    <subfield code="9">3170</subfield>
    <subfield code="d">Ciudad Aut&#xF3;noma de Buenos Aires : Thomson Reuters La Ley, 2015-</subfield>
    <subfield code="t">Revista C&#xF3;digo Civil y Comercial. N&#xBA; 6 - Diciembre 2023</subfield>
  </datafield>
  <datafield tag="942" ind1=" " ind2=" ">
    <subfield code="2">udc</subfield>
    <subfield code="c">ANA</subfield>
  </datafield>
</record>
